Judicial review handbook / (Record no. 4243)
[ view plain ]
| 000 -LEADER | |
|---|---|
| fixed length control field | 01064cam a22002772 4500 |
| 001 - CONTROL NUMBER | |
| control field | 0000021152 |
| 005 - DATE AND TIME OF LATEST TRANSACTION | |
| control field | 20151217145931.0 |
| 008 - FIXED-LENGTH DATA ELEMENTS--GENERAL INFORMATION | |
| fixed length control field | 120126s xx 000 0 eng d |
| 020 ## - INTERNATIONAL STANDARD BOOK NUMBER | |
| International Standard Book Number | 1841138244 : |
| 040 ## - CATALOGING SOURCE | |
| Original cataloging agency | KABU |
| Transcribing agency | KABU |
| 100 1# - MAIN ENTRY--PERSONAL NAME | |
| Personal name | Fordham, Michael QC. |
| -- | 0000181876 |
| 245 10 - TITLE STATEMENT | |
| Title | Judicial review handbook / |
| Statement of responsibility, etc. | Michael Fordham QC. |
| 250 ## - EDITION STATEMENT | |
| Edition statement | 5th ed. |
| 260 ## - PUBLICATION, DISTRIBUTION, ETC. (IMPRINT) | |
| Place of publication, distribution, etc. | Oxford : |
| Name of publisher, distributor, etc. | Hart, |
| Date of publication, distribution, etc. | 2008. |
| 300 ## - PHYSICAL DESCRIPTION | |
| Extent | xix, 847 p. |
| 650 #0 - SUBJECT ADDED ENTRY--TOPICAL TERM | |
| Topical term or geographic name as entry element | Judicial review of administrative acts |
| Geographic subdivision | Great Britain. |
| -- | 0000167934 |
| 650 #0 - SUBJECT ADDED ENTRY--TOPICAL TERM | |
| Topical term or geographic name as entry element | Judicial review of administrative acts |
| General subdivision | Digests |
| Geographic subdivision | Great Britain. |
| -- | 0000181877 |
| 852 1# - LOCATION | |
| -- | p20443 KES |
| 852 1# - LOCATION | |
| -- | p14597 KES |
| 852 1# - LOCATION | |
| -- | p14597 KES |
| 852 1# - LOCATION | |
| -- | p14597 KES |
| 852 1# - LOCATION | |
| -- | p14597 KES |
| 852 1# - LOCATION | |
| -- | p14597 KES |
| 908 ## - PUT COMMAND PARAMETER (RLIN) | |
| Put command parameter | 120126 |
| 950 ## - LOCAL HOLDINGS (RLIN) | |
| -- | 1 |
| Withdrawn status | Lost status | Source of classification or shelving scheme | Not for loan | Home library | Current library | Date acquired | Total Checkouts | Full call number | Barcode | Date last seen | Price effective from | Koha item type | Date last checked out | Total Renewals |
|---|---|---|---|---|---|---|---|---|---|---|---|---|---|---|
| Library of Congress Classification | Kabarak, Main Campus | Kabarak, Main Campus | 17/12/2015 | KD4902 .F67 2008 c.1 | 20443 | 17/12/2015 | 17/12/2015 | General Collection | ||||||
| Library of Congress Classification | Kabarak, Main Campus | Kabarak, Main Campus | 17/12/2015 | KD4902 .F67 2008 c.2 | 21200 | 17/12/2015 | 17/12/2015 | General Collection | ||||||
| Library of Congress Classification | Kabarak, Main Campus | Kabarak, Main Campus | 17/12/2015 | KD4902 .F67 2008 c. 3 | 21199 | 17/12/2015 | 17/12/2015 | General Collection | ||||||
| Library of Congress Classification | Kabarak, Main Campus | Kabarak, Main Campus | 17/12/2015 | KD4902 .F67 2008 c. 4 | 21198 | 06/11/2017 | 17/12/2015 | General Collection | ||||||
| Library of Congress Classification | Kabarak, Main Campus | Kabarak, Main Campus | 17/12/2015 | 1 | KD4902 .F67 2008 c. 5 | 21197 | 23/06/2016 | 17/12/2015 | General Collection | 21/06/2016 | ||||
| Library of Congress Classification | Kabarak, Main Campus | Kabarak, Main Campus | 17/12/2015 | 1 | KD4902 .F67 2008 c. 6 | 21201 | 13/11/2017 | 17/12/2015 | General Collection | 09/11/2017 | 1 | |||
| Library of Congress Classification | Kabarak, Main Campus | Kabarak, Main Campus | 17/12/2015 | 4 | KD4902 .F67 2012 C.1 | 020743 | 20/01/2024 | 17/12/2015 | General Collection | 20/01/2024 | ||||
| Library of Congress Classification | Kabarak, Main Campus | Kabarak, Main Campus | 17/12/2015 | 4 | KD4902 .F67 2012 C.2 | 020730 | 06/11/2020 | 17/12/2015 | General Collection | 16/03/2020 | ||||
| Library of Congress Classification | Kabarak, Main Campus | Kabarak, Main Campus | 17/12/2015 | 1 | KD4902 .F67 2012 C.3 | 020516 | 12/07/2018 | 17/12/2015 | General Collection | 03/07/2018 | ||||
| Library of Congress Classification | Kabarak, Main Campus | Kabarak, Main Campus | 17/12/2015 | 2 | KD4902 .F67 2012 C.6 | 33927 | 28/10/2019 | 17/12/2015 | General Collection | 17/10/2019 | ||||
| Library of Congress Classification | Kabarak, Main Campus | Kabarak, Main Campus | 17/12/2015 | 1 | KD4902 .F67 2012 C.5 | 020518 | 16/03/2020 | 17/12/2015 | General Collection | 27/02/2020 | ||||
| Library of Congress Classification | Kabarak, Main Campus | Kabarak, Main Campus | 17/12/2015 | 3 | KD4902 .F67 2012 C.7 | 020733 | 15/03/2021 | 17/12/2015 | General Collection | 01/03/2021 | ||||
| Library of Congress Classification | Kabarak, Main Campus | Kabarak, Main Campus | 17/12/2015 | KD4902 .F67 2012 C.4 | 020735 | 17/12/2015 | 17/12/2015 | General Collection |